Medianoche de amor / (Record no. 8267)

MARC details
000 -LEADER
campo de control de longitud fija 00785nam a2200253 i 4500
001 - NÚMERO DE CONTROL
campo de control 8267
003 - IDENTIFICADOR DE NÚMERO DE CONTROL
campo de control ES-MaACL
005 - FECHA Y HORA DE LA ÚLTIMA TRANSACCIÓN
campo de control 20250821063012.0
007 - CAMPO FIJO DE DESCRIPCIÓN FÍSICA--INFORMACIÓN GENERAL
campo de control de longitud fija t|
008 - DATOS DE LONGITUD FIJA--INFORMACIÓN GENERAL
campo de control de longitud fija 920428s1991 sp ||||1| spa d
020 ## - NÚMERO INTERNACIONAL ESTÁNDAR DEL LIBRO
Número Internacional Estándar del Libro 84-204-2609-1
080 ## - NÚMERO DE LA CLASIFICACIÓN DECIMAL UNIVERSAL
Número de la Clasificación Decimal Universal 84-311.1"19"
080 ## - NÚMERO DE LA CLASIFICACIÓN DECIMAL UNIVERSAL
Número de la Clasificación Decimal Universal 84(Tournier,M.7 M.03=6)
100 1# - ENTRADA PRINCIPAL--NOMBRE DE PERSONA
Nombre de persona Tournier, Michel,
Fechas asociadas al nombre 1924-2016
9 (RLIN) 111147
245 10 - MENCIÓN DEL TÍTULO
Título Medianoche de amor /
Mención de responsabilidad, etc. Michel Tournier ; traducción de Santiago Martín Bermúdez.
250 ## - MENCION DE EDICION
Mención de edición [1ª ed., 1ª reimp.].
260 ## - PUBLICACIÓN, DISTRIBUCIÓN, ETC.
Lugar de publicación, distribución, etc. Madrid :
Nombre del editor, distribuidor, etc. Alfaguara,
Fecha de publicación, distribución, etc. 1991.
300 ## - DESCRIPCIÓN FÍSICA
Extensión 240 p. ;
Dimensiones 22 cm.
490 1# - MENCIÓN DE SERIE
Mención de serie Alfaguara literaturas ;
Designación de volumen o secuencia 332
700 1# - ENTRADA AGREGADA--NOMBRE PERSONAL
Nombre de persona Martín Bermúdez, Santiago.
9 (RLIN) 77416
830 0# - PUNTO DE ACCESO ADICIONAL DE SERIE-TÍTULO UNIFORME
Título uniforme Alfaguara literaturas ;
Designación de volumen o secuencia 332
9 (RLIN) 177847
852 ## - LOCALIZACIÓN
Ubicación ES-MaACL
Número de control de estantería L-15712
Holdings
Estatus retirado Estado de pérdida Estado de daño No para préstamo Biblioteca de origen Biblioteca actual Ubicación en estantería Fecha de adquisición Fuente de adquisición Total de préstamos Signatura topográfica completa Código de barras Visto por última vez Precio de reemplazo Tipo de ítem Koha
        Biblioteca del Ateneo de Madrid Biblioteca del Ateneo de Madrid Depósito 2 17/01/2008     L-15712 1008438 23/02/2023 23/02/2023 Libro impreso